| 000 | 01701cam a22003494i 4500 | ||
|---|---|---|---|
| 001 | 18474316 | ||
| 003 | OSt | ||
| 005 | 20220610131428.0 | ||
| 008 | 150202s2016 maua b 001 0 eng | ||
| 010 | _a 2015932319 | ||
| 020 | _a9781133592969 | ||
| 040 |
_aDLC _beng _erda _cDLC _dDLC |
||
| 042 | _apcc | ||
| 050 | 0 | 0 |
_aHE151.C88(8e) _b 2016 |
| 100 | 1 |
_aCoyle, John J. _q(John Joseph), _d1935- _eauthor. |
|
| 245 | 1 | 0 |
_aTransportation :a global supply chain perspective / _cJohn J. Coyle, The Pennsylvania State University, Robert A. Novack, The Pennsylvania State University, Brian J. Gibson, Auburn University. |
| 246 | 3 | 1 | _aGlobal supply chain perspective |
| 250 | _aEighth edition. | ||
| 264 | 1 |
_aBoston, MA, USA : _bCengage Learning, _c[2016] |
|
| 300 |
_axxii, 503 pages : _billustrations ; _c27 cm |
||
| 336 |
_atext _btxt _2rdacontent |
||
| 337 |
_aunmediated _bn _2rdamedia |
||
| 338 |
_avolume _bnc _2rdacarrier |
||
| 500 | _aIncludes index. | ||
| 505 | _aContents: Global supply chains: The role and importance of transportation -- Transportation and the economy -- Transportation regulation and public policy -- Costing and pricing for transportation -- Motor carriers -- Railroads -- Airlines -- Water carriers and pipelines -- Transportation risk management -- Global transportation planning -- Global transportation excecution -- Third party logistics -- Private transportation and fleet management -- Issues and challenges for global supply chains. | ||
| 650 | 0 | _aTransportation. | |
| 700 | 1 |
_aNovack, Robert A., _eauthor. |
|
| 700 | 1 |
_aGibson, Brian J., _eauthor. |
|
| 942 |
_2ddc _cBK |
||
| 999 |
_c9011 _d16511 |
||